| 000 | 00544nam a22001937a 4500 | ||
|---|---|---|---|
| 005 | 20210423055554.0 | ||
| 008 | 210223s1957 ||||| |||| 00| 0 eng d | ||
| 040 |
_aeng _cDLC |
||
| 041 | _aeng | ||
| 080 |
_a821.111 _bH-66 |
||
| 100 |
_91078 _aHilton, James |
||
| 245 |
_aGoodbye, Mr. Chips _c/ by: Bantam Books |
||
| 260 |
_aBoston, Mass. _bBantam Books _c1957 |
||
| 300 |
_a115 p. _bill. |
||
| 365 | _b0.75 usd | ||
| 650 | 0 |
_9254 _aEnglish literature |
|
| 653 | _aინგლისური ლიტერატურა | ||
| 942 |
_2udc _cBK |
||
| 999 |
_c1661 _d1661 |
||